00577nam a2200169Ia 4500003000900000008004100009020001800050040001600068080002200084245011300106260003800219300001500257650004100272650003400313650003100347700002900378IN-BaIIA211028s9999 xx 000 0 eng d a0-89490-066-8 cIIA Library a524.3(035)bJON-5 0aWebb society deep-sky observer's handbookcedited by Kenneth Glyn Jones  aHillsidebEnslow Publishersc1982 axiv, 241p. aAstronomy and Astrophysics Thesaurus aHandbooks-Extragalatic System aHandbooks-Sky Observations aJones, Kenneth Glyn, ed.